Ont-ils déjà joué avec... Keira Knightley ? - Statistiques

Statistiques générales
  • Ce quiz a été pris 9 fois
  • Le résultat moyen est 2 sur 10
Answers on the Grid
Answers color-coded by a green-red scale on the quiz's grid according to % correct below.
Helena Bonham Carter
Kirsten Dunst
Dev Patel
Woody Harrelson
Michel Serrault
Diane Keaton
Timothée Chalamet
Gemma Arterton
Clint Eastwood
Nicolas Cage
Jennifer Jason Leigh
Will Smith
Ralph Fiennes
Vincent Cassel
Colin Farrell
Connie Britton
Cillian Murphy
Mickey Rourke
Sam Rockwell
Alfred Molina
 
Statistiques - réponses
Réponse % Correct
Colin Farrell
63%
Cillian Murphy
38%
Ralph Fiennes
38%
Vincent Cassel
25%
Will Smith
25%
Connie Britton
13%
Mickey Rourke
13%
Sam Rockwell
13%
Alfred Molina
0%
Jennifer Jason Leigh
0%
Aucun quiz correspondant
Distribution des résultats
% des personnes avec chaque résultat
Percentile par nombre de réponses
Votre historique - résultats
Vous n’avez pas pris ce quiz